00601nam a2200169 i 450000100060000000300090000600500170001500700030003200800410003510000330007624500660010926000630017530000220023885200320026099900170029295201220030933091ES-MaACL20230906154708.0t|030201s1967 sp ||||1| spa d1 aBescos, María Cruz.92857310aCara a la vida b: libro de juventud / cMaría Cruz Bescos. a[S.l. : bs.n., c1967] (eZaragoza : fImp. El Noticiero) a167 p. ; c19 cm. aES-MaACLjC-31682 bR.62043 c33091d33091 00104070aATENEOMbATENEOMcDEPO2d2008-01-17eSCl0oC-31682p1034395r2023-02-23 00:00:00w2023-02-23yMONOGRAFIA